|
|
|
|
| LEADER |
01834nam a2200421 i 4500 |
| 001 |
EBC3379320 |
| 003 |
MiAaPQ |
| 005 |
20200520144314.0 |
| 006 |
m o d | |
| 007 |
cr cnu|||||||| |
| 008 |
140519t20142014dcua ob 000 0 eng d |
| 020 |
|
|
|z 9780309300650
|
| 020 |
|
|
|a 9780309300667
|q (electronic bk.)
|
| 035 |
|
|
|a (MiAaPQ)EBC3379320
|
| 035 |
|
|
|a (Au-PeEL)EBL3379320
|
| 035 |
|
|
|a (CaPaEBR)ebr10868186
|
| 035 |
|
|
|a (OCoLC)877435923
|
| 040 |
|
|
|a MiAaPQ
|b eng
|e rda
|e pn
|c MiAaPQ
|d MiAaPQ
|
| 050 |
|
4 |
|a TS183
|b .L565 2014
|
| 082 |
0 |
|
|a 670
|2 23
|
| 245 |
0 |
0 |
|a Limited affordable low-volume manufacturing :
|b summary of a workshop /
|c Maureen Mellody, rapporteur.
|
| 264 |
|
1 |
|a Washington, District of Columbia :
|b National Academies Press,
|c 2014.
|
| 264 |
|
4 |
|c 2014
|
| 300 |
|
|
|a 1 online resource (68 pages) :
|b illustrations (some color)
|
| 336 |
|
|
|a text
|2 rdacontent
|
| 337 |
|
|
|a computer
|2 rdamedia
|
| 338 |
|
|
|a online resource
|2 rdacarrier
|
| 504 |
|
|
|a Includes bibliographical references.
|
| 588 |
|
|
|a Description based on online resource; title from PDF title page (ebrary, viewed May 17, 2014).
|
| 590 |
|
|
|a Electronic reproduction. Ann Arbor, MI : ProQuest, 2015. Available via World Wide Web. Access may be limited to ProQuest affiliated libraries.
|
| 650 |
|
0 |
|a Manufacturing processes.
|
| 650 |
|
0 |
|a Manufacturing processes
|x Production control.
|
| 650 |
|
0 |
|a Production management.
|
| 655 |
|
4 |
|a Electronic books.
|
| 700 |
1 |
|
|a Mellody, Maureen,
|e commentator.
|
| 776 |
0 |
8 |
|i Print version:
|t Limited affordable low-volume manufacturing : summary of a workshop.
|d Washington, District of Columbia : National Academies Press, c2014
|h xii, 56 pages
|z 9780309300650
|
| 797 |
2 |
|
|a ProQuest (Firm)
|
| 856 |
4 |
0 |
|u https://ebookcentral.proquest.com/lib/matrademy/detail.action?docID=3379320
|z Click to View
|